000 01615nam a2200229Ia 4500
999 _c51650
_d51650
001 18641
003 GE_BSU
005 20210412153434.0
008 181216s2016||||ge |||||||||||||| ||geo||
040 _cGE_BSU
041 _ageo
080 _a33 კ-77
100 _aკორძაია, ირაკლი
_92240
245 _aსაქართველოში საერთაშორისო ტურისტული ბაზრის სოციალური და ეკონომიკური მექანიზმების ფუნქციონირების თავისებურებები /
_cირაკლი კორძაია; სამეცნ.ხელმძღვანელი პაატა ჩაგანავა;ბათუმის შოთა რუსთაველის სახ. უნ-ტი.
264 _aბათუმი :
_bბათუმის შოთა რუსთაველის სახ. უნ-ტი,
_c2016.
300 _a188 გვ. ;
_b30 სმ.
653 _aდისერტაცია
653 _aეკონომიკა
653 _aსაქართველოში საერთაშორისო ტურისტული ბაზრის სოციალური და ეკონომიკური მექანიზმების ფუნქციონირების თავისებურებები
700 _aჩაგანავა, პაატა
_eსამეცნ.ხელმძღვანელი
_91685
942 _cBK
_2udc